000 00418nam a22001577a 4500
003 OSt
008 240222b |||||||| |||| 00| 0 eng d
020 _a9783527328451
041 _aeng
082 _a632.4
_bGOT/DI
100 _aGottschalk, Gerhard
_96101
245 _aDiscover the world of microbes: Bacteria, Archaea, and viruses
260 _aWeinheim
_bWiley-VCH verlag & Co
_c2012
300 _a388
942 _cBK
999 _c13715
_d13715